| 000 | 00939nas a2200301 4500 | ||
|---|---|---|---|
| 001 | BR8500159 | ||
| 003 | BR-BrBNA | ||
| 005 | 20231205090048.0 | ||
| 007 | ta | ||
| 008 | 230509b bl.|||p| |||| 00| 00por d | ||
| 040 |
_aBR-BrBNA _bpor _cBiblioteca Nacional de Agricultura |
||
| 041 | _a(Pt) | ||
| 072 | _aF00; S10 | ||
| 100 | 1 | _aSouza, M. do C.P. de | |
| 100 | 1 | _aMaia, G.A. | |
| 100 | 1 | _aGuedes, Z.B. de L. | |
| 100 | 1 | _aOria, H.F. | |
| 100 | 1 | _aHolanda, L.F.F. de | |
| 245 | 1 | _aAmadurecimento natural e artificial do buriti [Mauritia vinifera] | |
| 246 | 1 | _aNatural and artificial ripening of buriti [Mauritia vinifera] | |
| 650 | _aBURITI | ||
| 650 | _aMATURACAO | ||
| 650 | _aMATURACAO ARTIFICIAL | ||
| 650 | _aVALOR NUTRITIVO | ||
| 773 | 0 |
_tPesquisa Agropecuaria Brasileira (Brazil) _xISSN 0100-204X _g(Jul 1984), v. 19(7) p. 891-896 _wBR8500159 |
|
| 909 |
_a202311 _bLúcia _c55 _dLúcia Elande |
||
| 942 |
_2AGRIS _n0 _cANA |
||
| 999 |
_c115889 _d115889 |
||